Teams aus Rheinland-Pfalz 2024/25 Bundesliga-Oberliga - Sudden Death - Statistiken

Allgemein
  • Dieses Quiz wurde 95 mal gespielt
  • Das Durchschnittsergebnis liegt bei 9 aus 17
Answers on the Grid
Answers color-coded by a green-red scale on the quiz's grid according to % correct below.
SV Viktoria Herxheim
TuS Koblenz
FC Bitburg
1. FSV Mainz 05
TuS Mosella Schweich
Eintracht Trier
TSV Schott Mainz
FC Karbach
Hochwald Zerf
Eintracht Bad Kreuznach
1. FC Kaiserslautern
Alemannia Waldalgesheim
SV Gonsenheim
Wormatia Worms
FV Engers
FK Pirmasens
FSV Trier-Tarforst
Rot Weiß Koblenz
Armina Ludwigshafen
SF Eisbachtal
VfR Baumholder
Rot-Weiss Wittlich
SC Idar-Oberstein
SV Morlautern
FV Hunsrückhöhe Morbach
TuS Mechtersheim
Ahrweiler BC
TSV Pfeddersheim
 
Antwortstatistiken
Antwort % Korrekt
TuS Koblenz
89%
TSV Schott Mainz
81%
Eintracht Trier
80%
1. FSV Mainz 05
77%
1. FC Kaiserslautern
74%
FK Pirmasens
74%
Wormatia Worms
74%
Rot Weiß Koblenz
57%
Armina Ludwigshafen
45%
FV Engers
39%
SV Gonsenheim
39%
SC Idar-Oberstein
38%
SV Viktoria Herxheim
35%
FC Karbach
34%
SV Morlautern
32%
SF Eisbachtal
30%
TuS Mechtersheim
30%
Keine übereinstimmenden Quizze gefunden
Verteilung der Resultate
Anzahl Personen mit jedem Resultat
Perzentil nach korrekt beantworteten Fragen
Ihre Resultats-Entwicklung
Sie haben dieses Quiz noch nicht gespielt